000 00606nam a22001937a 4500
005 20150413125457.0
010 _aENG-112476
020 _a9789339214180
_c395.00
020 _a9339214188
_c395.00
035 _aEN-96008
037 _bDBAD/PUB
082 _a000
100 _aReed, Shannon
245 _aMcGraw Hill Education 500 GRE verbal questions to know by test day /
_cby Shannon Reed
260 _aNoida
_bMcGraw Hill Education
_c2015(repr.)
270 _aB-4, Sector-63, Gautam Budh Nagar,
_bNoida
_e201301
300 _axi,160p.
_c24cm(pbk)
942 _2ddc
_cEN
_mREE
_h000
999 _c92762
_d92762